[Event "chess.com qf blitz 1m+1spm"]
[Site "chess.com INT"]
[Date "2016.05.10"]
[Round "23"]
[White "Caruana, Fabiano"]
[Black "Vachier Lagrave, Maxime"]
[Result "0-1"]
[WhiteElo "2795"]
[BlackElo "2788"]
[PlyCount "68"]
[EventDate "2016.04.06"]
[EventType "match (blitz)"]
[EventRounds "26"]
[EventCountry "USA"]
[SourceTitle "EXT 2017"]
[Source "ChessBase"]
[SourceDate "2016.10.25"]
[SourceVersion "1"]
[SourceVersionDate "2016.10.25"]
[SourceQuality "1"]

1. d4 Nf6 2. c4 g6 3. Nc3 d5 4. Nf3 Bg7 5. cxd5 Nxd5 6. g3 O-O 7. Bg2 c5 8. O-O
Nxc3 9. bxc3 Nc6 10. e3 Bf5 11. Ba3 cxd4 12. Nxd4 Bd7 13. Rb1 Qc8 14. Qb3 Rb8
15. Rfd1 Re8 16. Nb5 a6 17. Bd5 axb5 18. Bxf7+ Kh8 19. Bxe8 Bxe8 20. Qxb5 Ne5
21. Qc5 Bc6 22. Qxe7 Nf3+ 23. Kf1 Nxh2+ 24. Ke1 Nf3+ 25. Ke2 Ne5 26. Rd4 Nf3
27. Rf4 Ne5 28. Bd6 Bf3+ 29. Kf1 Qh3+ 30. Ke1 Qh1+ 31. Kd2 Qxb1 32. Rxf3 Nxf3+
33. Ke2 Ng1+ 34. Kd2 Qb2+ 0-1

[Event "Linares 26th"]
[Site "Linares"]
[Date "2009.02.19"]
[Round "1"]
[White "Anand, Viswanathan"]
[Black "Radjabov, Teimour"]
[Result "1-0"]
[WhiteElo "2791"]
[BlackElo "2761"]
[Annotator "Rogozenco,D"]
[PlyCount "121"]
[EventDate "2009.02.19"]
[EventType "tourn"]
[EventRounds "14"]
[EventCountry "ESP"]
[EventCategory "21"]
[SourceTitle "CBM 129"]
[Source "ChessBase"]
[SourceDate "2009.03.25"]
[SourceVersion "1"]
[SourceVersionDate "2009.03.25"]
[SourceQuality "1"]

1. e4 c5 2. Nf3 Nc6 3. d4 cxd4 4. Nxd4 Nf6 5. Nc3 e5 6. Ndb5 d6 7. Bg5 a6 8.
Na3 b5 9. Bxf6 gxf6 10. Nd5 Bg7 11. Bd3 Ne7 12. Nxe7 Qxe7 13. O-O O-O 14. c4 f5
15. Qf3 d5 {Radjabov remains true to his beloved variation.} 16. cxd5 fxe4 17.
Bxe4 Rb8 18. Rfd1 f5 {A very rare move, played only twice in 2006.} ({However,
the main} 18... Qd7 {still remains a reasonable option for Black, since his
chances to draw are very high. For example:} 19. d6 Rb6 20. Qd3 Rd8 21. Rac1
Bf8 22. Rc7 Qxc7 23. Bxh7+ Kg7 24. dxc7 Rxd3 25. Bxd3 Bxa3 ({worse is} 25...
Rc6 26. Nc2 f5 27. Ne3 e4 28. Bb1 Rxc7 29. g4 $1 {1-0 Galkin,A (2616)
-Khairullin,I (2533)/Moscow 2006 (60)}) 26. bxa3 Rc6 27. Be4 Rxc7 28. Bd5 Rc3
29. h4 Bf5 (29... Rxa3 $5) 30. Bb3 a5 31. a4 {1/2-1/2 Istratescu,A (2628)
-Khairullin,I (2554)/Plovdiv 2008} (31. a4 bxa4 32. Bxa4 Rc4 $11)) 19. d6 Qf6
20. Bc6 Be6 21. Bd5 Rbd8 22. Qb3 Bf7 (22... Bxd5 23. Rxd5 Kh8 24. Rad1 {
secured White a large advantage in Vehi Bach,V (2385)-Kosintseva,T (2479)/
Kusadasi 2006.}) 23. Nc2 Rxd6 24. Bxf7+ Rxf7 25. Rxd6 Qxd6 26. Ne3 f4 (26...
Qg6 27. a4 $1 bxa4 28. Qxa4 $14) 27. Rd1 Qg6 28. Nd5 Bf8 $146 {In order to
achieve an advantage White must blockade his opponent's central pawns (by
taking control over the square in front of the black e-pawn). Bringing the
bishop to d4 looks like a good idea, but only if Black succeeds in avoiding
some static positions without counterplay.} ({In the game Bobras,P (2535)
-Yakovich,Y (2583)/Port Erin 2006 Black won after having been lost on the way:
} 28... Kh8 29. Nc3 (29. f3 e4 $132) 29... f3 (29... e4 $2 30. Nxe4 $16) 30. g3
Qf5 31. Rd8+ Bf8 32. Nd1 Kg7 33. Ne3 Qg6 34. Qc3 {White has a clear advantage.}
Qb1+ 35. Rd1 Qe4 36. Rd5 Be7 37. h4 Bf6 38. Kh2 h5 39. Qc8 Be7 40. Qxa6 Bxh4
41. gxh4 $4 (41. Qe6 Bf6 42. Nf5+ Kg6 43. Nd6 $18) 41... Qxh4+ 42. Kg1 Kh7 43.
Nf5 Rg7+ 44. Nxg7 Qg5+ {and White got mated.}) 29. f3 Kh8 {A natural move, but
Radjabov connects it with the wrong idea to double on the g-file.} (29... Bc5+
30. Kf1 Kg7 {was more precise, with good chances to equalize. For instance:}
31. Nc3 Bd4 32. Ne4 Rc7 {and Black solves his problems.}) 30. Nc3 Rg7 $2 {
This will turn out to be the decisive waste of time.} (30... Bc5+ 31. Kf1 Bd4 {
was necessary, and if White continues similarly to the game} 32. Ne4 {then} Rc7
{and again Black controls the c-file and should have no problems to hold the
balance.}) 31. Rd2 Bc5+ 32. Kf1 Bd4 33. Ne4 Rc7 34. Rc2 $1 {This move is
possible due to Radjabov's mistake 30...Rg7. Now Black doesn't have any
activity and cannot exploit the centralized position of his bishop. After the
inevitable exchange of rooks at some moment White's Q+N will be much stronger
than Black's Q+B.} Rc6 35. Qd3 Kg7 36. b3 h6 37. g4 $1 {Black's position is
more difficult than it appears. White prepares the attack on the kingside and
there is nothing Black can do to prevent it.} fxg3 (37... Qe6 38. h4 Qd7 (38...
Qc8 39. Nd6 $16) 39. h5 $16 Qc7 $140 40. Ng5 $1 hxg5 41. Qg6+ Rxg6 42. Rxc7+
$18) 38. hxg3 Qe6 39. Kg2 Qc8 40. Rxc6 Qxc6 41. Qd2 $16 Qe6 ({After} 41... h5
42. Qg5+ Qg6 43. Qe7+ Qf7 44. Qd6 Qg6 45. Qd7+ Qf7 46. Qc6 Qg6 47. Nd6 {
White wins material.}) 42. g4 Qc6 {The centralized bishop on d4 is completely
out of play and Black has nothing better than to wait.} 43. Ng3 Kh7 44. Nf5 Bb6
45. Qd3 Kh8 46. Qe2 Bc7 47. Qd2 Kh7 (47... e4 {runs into mate after} 48. Qd4+)
48. Ne7 Qc5 ({After} 48... Qd6 49. Qc2+ Kh8 50. Nf5 Qb6 {White must be careful
to avoid} 51. Nxh6 $2 Qxh6 52. Qxc7 Qd2+ {with a draw, but 51.Qe4 instead
keeps the position winning.}) 49. Qd3+ Kh8 50. Qd7 {The final stage of attack:
White penetrates with both pieces, creating decisive threats.} e4 51. Qe8+ Kg7
52. Nf5+ Kf6 53. Qxe4 Bb6 54. Kh3 h5 55. g5+ $1 Kxg5 56. Ne7 Kf6 57. Nd5+ Kg7
58. Qe5+ Kh6 59. Qf6+ Kh7 60. Qf7+ Kh6 61. Ne7 1-0

[Event "Lindores Abbey Tal Mem"]
[Site "Riga LAT"]
[Date "2021.11.08"]
[Round "15.2"]
[White "Caruana, F."]
[Black "Korobov, A."]
[Result "1/2-1/2"]
[WhiteElo "2791"]
[BlackElo "2684"]
[PlyCount "118"]
[EventDate "2021.11.08"]
[SourceVersionDate "2018.05.14"]

1. e4 c5 2. Nf3 d6 3. Bb5+ Nd7 4. d4 cxd4 5. Qxd4 a6 6. Be2 Ngf6 7. O-O e5 8.
Qe3 Nc5 9. Nfd2 Be7 10. c4 O-O 11. Nc3 b5 12. cxb5 axb5 13. Bxb5 Bb7 14. Bc4
Qc8 15. b3 Bd8 16. Bb2 Bb6 17. Qe2 Ne6 18. Nb5 Nf4 19. Qf3 Qd7 20. a4 Kh8 21.
Rad1 g5 22. Kh1 Rg8 23. Rfe1 Rg6 24. Nf1 g4 25. Qg3 N6h5 26. Qh4 Bd8 27. Bxe5+
Kg8 28. Nxd6 Bxh4 29. Nxf7 Qxf7 30. Bxf7+ Kxf7 31. Bxf4 Nxf4 32. Rd7+ Kg8 33.
Rxb7 Bxf2 34. Rd1 Re8 35. g3 Nh3 36. a5 Bc5 37. Rd5 Rf8 38. Nd2 Rgf6 39. Rf5
Rxf5 40. exf5 Rxf5 41. a6 Rf2 42. Rd7 Re2 43. Nf1 Nf2+ 44. Kg2 Ne4+ 45. Kh1 Ra2
46. b4 Nf2+ 47. Kg2 Ne4+ 48. Kh1 Bb6 49. b5 h5 50. Rb7 Bc5 51. Rc7 Kf8 52. Rc6
Ke7 53. b6 Rxa6 54. b7 Ra1 55. Rxc5 Rxf1+ 56. Kg2 Rf2+ 57. Kg1 Rb2 58. Re5+ Kf6
59. Rxe4 Rxb7 1/2-1/2

[Event "Dortmund SuperGM 26th"]
[Site "Dortmund"]
[Date "1998.06.27"]
[Round "2"]
[White "Kramnik, Vladimir"]
[Black "Svidler, Peter"]
[Result "1-0"]
[WhiteElo "2790"]
[BlackElo "2690"]
[Annotator "Ftacnik,L"]
[PlyCount "59"]
[EventDate "1998.06.26"]
[EventType "tourn"]
[EventRounds "9"]
[EventCountry "GER"]
[EventCategory "18"]
[SourceTitle "CBM 066"]
[Source "ChessBase"]
[SourceDate "1998.09.30"]
[SourceVersion "1"]
[SourceVersionDate "1998.09.30"]
[SourceQuality "1"]

1. d4 {Kostakiev,D} Nf6 2. c4 g6 3. Nc3 d5 4. cxd5 Nxd5 5. e4 Nxc3 6. bxc3 Bg7
7. Bc4 c5 8. Ne2 Nc6 9. Be3 cxd4 10. cxd4 Qa5+ 11. Bd2 Qd8 12. d5 Ne5 13. Bc3 (
13. Bb5+ Bd7 14. Bxd7+ Qxd7 (14... Nxd7 15. Rc1 O-O 16. O-O $14) 15. O-O (15.
Bc3 Qg4 (15... Rc8 16. O-O Nf3+ 17. gxf3 Rxc3 18. Nxc3 Bxc3 19. Rc1 Be5 20. Kg2
$13) 16. O-O (16. Qa4+ Qd7 17. Qb3 Qg4 18. Qxb7 O-O $17) 16... Qxe4 17. Ng3 Qf4
18. Re1 {/\ Re4} Nf3+ 19. Qxf3 Qxf3 20. Bxg7 Qxd5 21. Bxh8 Rc8 $6 (21... Kf8
22. Bb2 Re8 23. Ba3 f5 24. Rxe7 Rxe7 25. Re1 Qxa2 26. Bxe7+ Kf7 $13) 22. Bf6
Rc7 23. Ne4 {/\ Be7!} Qa5 24. Bg5 $1 f5 25. Bd2 $1 (25. Nd2 e5 $13) 25... Qa6
26. Ng5 h6 27. Nf3 {1/2-1/2 Veingold,A-Dvoirys,S/Budapest/1989/ (36)}) 15...
O-O 16. Bc3 Rfc8 (16... Rac8) 17. f4 Ng4 18. Bxg7 Kxg7 19. Qd4+ Kg8 20. h3 Qb5
21. Ng3 Rc4 22. Qd2 Nf6 {Larsen,B-Lombardy,W/Zuerich/1961/0-1 (96)}) (13. Rc1
O-O 14. O-O Nxc4 15. Rxc4 e6 16. Bc3 $1 $14 exd5 17. exd5 Bd7 $2 (17... b6) 18.
Bxg7 Kxg7 19. Nc3 $1 Rc8 20. Rxc8 Bxc8 21. Ne4 $1 f5 22. Qd4+ Kg8 23. Nc3 $1
Qf6 24. Qb4 b6 25. Rd1 $16 {1-0 Rashkovsky,N-Dvoirys,S/USSR-ch/1986/ (51)})
13... O-O 14. Bb3 Qb6 (14... Bd7 15. f4 Ng4 16. Bxg7 Kxg7 17. Qd4+ Kg8 18. h3
Qa5+ 19. Kf1 Nf6 20. e5 Ne8 21. Kg1 {1/2-1/2 Donner,J-Ree,H/NLD-ch/1977/ (42)})
15. f4 $146 (15. O-O Bg4 16. h3 Bxe2 17. Qxe2 Rfc8 18. Rac1 a5 19. Bd2 h5 20.
Kh1 Rxc1 21. Rxc1 a4 22. Bd1 Nd7 23. Rc4 Qb1 {1/2-1/2 Shneider,A-Huzman,A/
URS-sf Ukraine-ch/1989/ (41)}) 15... Ng4 (15... Nd7 $5 16. Bxg7 Kxg7 17. Qd4+
Qxd4 18. Nxd4 Nc5 19. Bc2 Rd8 $11) 16. Bd4 (16. Bxg7 Qf2+ 17. Kd2 Kxg7 18. Qg1
Bd7 $15) 16... Qa5+ (16... Bxd4 17. Qxd4 Qxd4 18. Nxd4 Rd8 (18... Nf6 19. e5
Ne4 (19... Nxd5 20. Bxd5 Rd8 21. Nb5) 20. Rc1 $14) 19. Ke2 e5 20. fxe5 Nxe5 $13
) 17. Qd2 Qxd2+ 18. Kxd2 {[#]} e5 $2 {A very illustrative mistake, white will
be able to build a dominating pawn chain in the center.} (18... Bxd4 19. Nxd4
Rd8 20. h3 Nf6 21. Ke3 $14) (18... Nf6 19. e5 (19. Bxf6 {Kostakiev,D} Bxf6 20.
Rac1 $16) 19... Ne4+ 20. Ke3) 19. h3 $1 (19. fxe5 Bxe5 20. Bxe5 Nxe5 21. Rhc1
$13) 19... exd4 20. hxg4 g5 (20... d3 21. Nc3 Re8 22. Rae1 (22. e5 Bxg4 23.
Kxd3 f6 $1 $13) 22... Bxg4 23. Kxd3 $16) (20... Bxg4 21. e5 Bxe2 22. Kxe2 Rac8
23. Rad1 $16) 21. g3 Bxg4 (21... d3 22. Nc3 Bxg4 23. Kxd3 Bf3 24. Rhe1 $16) 22.
e5 Bxe2 (22... Bf3 23. Rhf1 g4 (23... Be4 24. d6 $16) 24. d6 $1 $16) 23. Kxe2
Rfc8 24. Rad1 (24. Kd3 $2 Rc3+ 25. Kxd4 Rxg3 $17) 24... Rc3 25. Rd3 Rac8 (25...
Rd8 26. d6 $16) (25... b5 $142 {Kostakiev,D}) 26. d6 {Black is technically
pawn up, but his pieces are not getting anywhere. On the contrary Kramnik is
eying f7 and h7 weaknesses and his cenral pawns are already quite far.} b5 (
26... Rd8 27. Rxc3 dxc3 28. Rc1 gxf4 (28... h5 29. Rxc3 h4 30. Rc7 hxg3 31.
Rxf7 Kh8 32. e6 g2 33. e7 g1=Q 34. exd8=Q+ Kh7 35. Bc2+ Kh6 36. Qh8+ Bxh8 37.
Rh7#) (28... Rc8 29. e6 $18) 29. gxf4 Bh6 30. Kf3 Rc8 31. e6 $18) (26... Kf8
27. Rxh7 $16) (26... Re8 27. Rxc3 dxc3 28. Kd3 Rd8 29. Rc1 h5 30. Rxc3 h4 31.
gxh4 gxh4 32. Rc7 $18) 27. Rxc3 dxc3 28. e6 $1 Kf8 (28... Rb8 29. e7 Bf6 30.
fxg5 Bxg5 31. Rf1 c2 32. Kd3 c1=Q 33. Rxc1 Bxc1 34. d7 $18) (28... Bf6 29. e7 (
29. fxg5 {Kostakiev,D} Bxg5 30. e7 $16) 29... Re8 (29... Bxe7 30. dxe7 Re8 31.
Kd3 Rxe7 32. Kxc3 Re3+ 33. Kb4 Rxg3 34. fxg5 Rxg5 35. Rf1 Rg7 36. Kxb5 $18) 30.
Bd5 Bxe7 31. Bc6 Bxd6+ 32. Bxe8 $18) (28... c2 29. d7 Rf8 30. e7 $18) (28...
gxf4 {Kostakiev,D} 29. d7 $18) 29. e7+ Ke8 {[#]} 30. Bxf7+ $1 (30. Bxf7+ $1
Kxf7 (30... Kd7 31. f5 (31. Rxh7 $18 {Kostakiev,D} c2 32. e8=Q+ Rxe8+ 33. Bxe8+
Kxe8 34. Kd2 $18) 31... Rb8 32. Rxh7 Bf6 33. Bh5 $18) 31. d7 $18) 1-0

[Event "Dortmund SuperGM 26th"]
[Site "Dortmund"]
[Date "1998.07.04"]
[Round "8"]
[White "Kramnik, Vladimir"]
[Black "Leko, Peter"]
[Result "1/2-1/2"]
[WhiteElo "2790"]
[BlackElo "2670"]
[Annotator "Leko,P"]
[PlyCount "103"]
[EventDate "1998.06.26"]
[EventType "tourn"]
[EventRounds "9"]
[EventCountry "GER"]
[EventCategory "18"]
[SourceTitle "CBM 066"]
[Source "ChessBase"]
[SourceDate "1998.09.30"]
[SourceVersion "1"]
[SourceVersionDate "1998.09.30"]
[SourceQuality "1"]

1. d4 {Hecht} Nf6 2. c4 c5 3. d5 b5 4. Nd2 bxc4 5. e4 c3 $1 {Khalifman} (5...
g6 6. Bxc4 d6 7. b3 Bg7 8. Bb2 $14 {1-0 Khalifman,A-Leko,P/Ubeda 1997/CBM 58 
(46)}) 6. bxc3 g6 7. Nc4 d6 (7... Nxe4 8. Qe2 Bg7 (8... Nf6 $4 9. Nd6#) 9. Qxe4
Bxc3+ 10. Bd2 Bxa1 11. Ba5 Qxa5+ $8 12. Nxa5 Bc3+ 13. Kd1 Bxa5 14. h4 $1 $36 {
Kramnik} (14. d6 Nc6 15. Bb5 O-O $132)) 8. Bd3 Bg7 9. Nf3 (9. Ne2 $5 O-O 10.
O-O $13) 9... O-O 10. O-O Nbd7 11. Bd2 Nb6 12. Na5 $2 c4 $1 13. Bc2 (13. Nxc4
Nxc4 14. Bxc4 Nxe4 $17) 13... Qc7 $1 {-/+/-+} 14. Re1 $1 (14. Nc6 $6 e6) (14.
Qe2 Nbxd5 15. Nxc4 (15. exd5 Qxa5) 15... Ba6 16. Bd3 Rfc8 17. exd5 (17. Nxd6
Nxc3 18. Bxc3 Bxd3 19. Qxd3 Qxc3) 17... Bxc4 18. Bxc4 Qxc4 19. Qxe7 Nxd5 (19...
Rd8 $5) 20. Qxd6 Nxc3 21. Bxc3 Bxc3 $19) 14... Nbxd5 15. Nxc4 (15. exd5 $2 Qxa5
16. Rxe7 Nxd5 $19) 15... Nxc3 (15... Ba6 $5 16. Nxd6 $1 Nxc3 17. Bxc3 Qxc3 18.
Nxf7 $1 Rxf7 19. Bb3 Bc4 20. Bxc4 (20. Rc1 $2 Bxb3) 20... Qxc4 21. Ne5 Qe6 22.
Nxf7 Kxf7 $15 (22... Qxf7 23. e5)) (15... Qxc4 16. exd5 Nxd5 17. Bb3 Qc5 18.
Bxd5 Qxd5 19. Rxe7 Bg4 20. Bf4 $15) 16. Bxc3 Qxc4 17. Bb2 (17. Bd4 $6 Bg4)
17... Bb7 $5 (17... Bg4 18. Bb3 Qa6 19. h3 Bxf3 20. Qxf3 Nd7 21. Bxg7 Kxg7 22.
Rac1) 18. Bb3 Qa6 19. e5 $1 Ne4 (19... Ng4 $6 20. exd6 $1 Bxb2 21. dxe7 Rfe8
22. Bxf7+ $1 Kxf7 23. Qb3+ $13) (19... dxe5 20. Nxe5 e6 21. Nxf7 Qc6 22. f3
Rxf7 23. Bxe6 $13) 20. Rb1 $1 Rac8 (20... Rad8 21. e6 $1 f5 22. Bxg7 Kxg7 23.
Qd4+ Nf6 24. Bc4 Qc6 25. Qxa7) (20... Rab8 $5 21. Bd5 $1 (21. e6 f5) (21. exd6
Qxd6) 21... Bxd5 22. Qxd5 Nc5 23. exd6 Qxd6 24. Qxd6 exd6 25. Bxg7 Kxg7 26.
Rbd1 $15) 21. exd6 Qxd6 22. Bxf7+ $2 (22. Qxd6 exd6 23. Bxg7 Kxg7 24. Be6 $3
Rc7 25. Rxb7 $1 Rxb7 26. Bd5 Nc5 (26... Rb2 27. Rxe4) 27. Bxb7 Nxb7 28. Re7 $15
) 22... Rxf7 23. Bxg7 Qxd1 24. Rexd1 Nxf2 $1 25. Kxf2 Bxf3 26. gxf3 Rc2+ 27.
Kg3 Kxg7 {[#] Hecht: Bei der Abwicklung in dieses Doppelturmendspiel (also zu
24...Sxf2) schrieb Leko, vom dem die meisten Anmerkungen stammen ("SCHACH" 8/
98, Seiten 20-25): "Nun ist Schwarz wieder obenauf! Das einzige Problem
bestand darin, die Zeitnot unbeschadet zu überstehen. Dann ist es vorbei! So
dachte ich zumindest - und dies erwies sich als teurer Fehler!"} 28. Rb3 $5
$132 {Versucht, etwas Gegenspiel aufzubauen.} (28. a4 Rc3 $19 {mit Bauernminus
und passiver Position.}) 28... Rxa2 29. Rd7 Ra5 (29... e6 $2 30. Rxf7+ Kxf7 31.
Rb7+ $15) 30. h4 h6 31. Rc3 e6 32. Rd6 Kf6 33. Re3 Re7 34. Re4 g5 35. Rc6 {
Hecht:Bislang alles folgerichtig. Doch nun unterlaufen uns in Zeitnot einige
Ungenauigkeiten.} Re5 $2 $138 (35... gxh4+ $142) (35... gxh4+ {Hecht}) 36. Ra4
$138 (36. Rxe5 $1 Kxe5 37. hxg5 hxg5 38. Kg4 (38. Kg4 {Hecht: und ich bin mir
nicht sicher, ob Schwarz noch gewinnen kann.} Re8 (38... Kd5 39. Ra6 Rf7 40.
Kxg5 Rxf3 41. Rxa7 e5 42. Kg4 $11 {Die ENDSPIEL-CD bestätigt das. Der weiße
König befindet sich auf der kurzen Seite und der Turm ideal auf der a-Linie. 
Das reicht. (Hecht)}) 39. Ra6 Ra8 40. Kxg5 $11 {da der Ta8 keine Wartezüge hat
(Hecht)})) 36... gxh4+ 37. Rxh4 h5 38. Ra6 Rg7+ 39. Kf2 Rb7 40. Rha4 Rb2+ {
Die Zeitkontrolle war geschafft und ich wähnte mich endgültig auf der
Siegerstarße. Ich fühlte mich auch noch sehr frisch und konnte einfach nicht
glauben, daß noch irgendetwas schiefgehen könnte. All das "half" mir, in
meiner Konzentration nachzulassen und das Endspiel nicht mehr gebührend ernst
zu nhemen!} 41. Kg3 Rg5+ (41... Ree2 $5 42. Rxa7 (42. Rf4+ Kg5) 42... Rg2+ 43.
Kf4 e5+ 44. Ke4 Rbe2+ 45. Kd5 Rd2+ $19) 42. Kh3 (42. Kh4 $2 Rh2#) 42... Rb3 43.
Kh4 $1 Rf5 {Hecht:Ich berechnete auch:} (43... Re5 $5 44. Rf4+ Rf5 45. Re4 (45.
Rxf5+ $5 {Hecht} Kxf5 46. Kxh5 Rb7 $1 (46... Rxf3 47. Kh4 $11) 47. Kh4 Kf4 48.
Kh5 (48. Kh3 Kxf3) 48... Kxf3 49. Rxe6 a5 50. Ra6 Rb5+ 51. Kh4 Rf5 $1 $19 {
Sie erinnern sich an das Endspiel Herrera-Vazquez mit vertauschten Farben?
Dies soll nur ein Schlaglicht sein (Hecht).}) 45... Rb6 46. Rxa7 Rxf3 47. Kxh5
Kf5 48. Rh4 e5 $19) (43... Rxf3 $2 44. Rxe6+ $1 Kxe6 45. Ra6+ $1 (45. Kxg5 $2
Rf5+) 45... Kf5 46. Ra5+ Kf4 47. Ra4+ $11) 44. f4 $5 {[#]} (44. Re4 Rb6 45.
Rxa7 Rxf3 46. Kxh5 Kf5 47. Rh4 e5) 44... Rb7 $2 {Aus irgend einem seltsamen
Grund ging ich davon aus, das Endspiel mit 43...Tf5 verdorben zu haben und
glaubte nicht mehr an den Sieg. Das Problem liegt darin, daß sich Weiß auf das
naheliegende 44...Tf3? wunderschön mit 45.Txe6+ retten kann. Danach remisiert
Weiß dieses eigentlich verlorene Endspiel, weil sein König auf patt steht.} (
44... Rf3 $2 45. Rxe6+ $3 Kxe6 46. Ra6+ Kd5 47. Ra5+ Ke4 48. Ra4+ Ke3 49. Ra3+
Kf2 50. Ra2+ Kg1 {[#] Analysediagramm} 51. Rg2+ Kf1 52. Rg1+ Ke2 53. Re1+ Kd3
54. Rd1+ Kc3 55. Rd3+ Kb4 56. Rd4+ $11) (44... Re3 $1 45. Rxa7 (45. Rc4 Rb5 $19
) 45... Rf3 46. Rf7+ Kg6 $3 {die Pointe!} (46... Kxf7 $2 47. Ra7+ Kf8 48. Ra8+
$11) 47. Rg7+ Kxg7 48. Ra7+ Rf7 $19) 45. Re4 Re7 46. Rea4 {Nun sieht es so aus,
als ob Weiß die Stellung halten könnte, doch wenn ich nicht völlig
zusammengebrochen wäre, hätte ich es meinem Gegner doch etwas schwerer machen
können als in der Partie.} Rb5 $6 47. Rxa7 Rxa7 48. Rxa7 Rb4 49. Kg3 Rb3+ 50.
Kg2 Kf5 51. Ra5+ Kxf4 52. Rxh5 1/2-1/2

[Event "WCC cand"]
[Site "Cazorla"]
[Date "1998.05.27"]
[Round "3"]
[White "Kramnik, Vladimir"]
[Black "Shirov, Alexei"]
[Result "1/2-1/2"]
[WhiteElo "2790"]
[BlackElo "2710"]
[Annotator "Hansen,Cu"]
[PlyCount "67"]
[EventDate "1998.05.24"]
[EventType "match"]
[EventRounds "9"]
[EventCountry "ESP"]
[SourceTitle "CBM 065"]
[Source "ChessBase"]
[SourceDate "1998.08.06"]
[SourceVersion "1"]
[SourceVersionDate "1998.08.06"]
[SourceQuality "1"]

1. d4 Nf6 2. c4 g6 3. Nc3 d5 4. cxd5 Nxd5 5. e4 Nxc3 6. bxc3 Bg7 7. Bc4 O-O 8.
Ne2 c5 9. O-O Nc6 10. Be3 Bg4 11. f3 Na5 12. Bxf7+ Rxf7 13. fxg4 Rxf1+ 14. Kxf1
cxd4 15. cxd4 e5 16. d5 Nc4 17. Qd3 {It seems this move was played the first
time between to unknown players at the olympiad in  Moscow 1994.} Nxe3+ 18.
Qxe3 Qh4 19. h3 Bh6 20. Qd3 Rf8+ 21. Kg1 Qf2+ 22. Kh1 {Black has no targets to
attack in this middlegame position} Qe3 $1 {However in the endgame both Pe4
and Pa2 could become weak.} 23. Qxe3 Bxe3 24. Rd1 Rf2 25. Ng1 Kf7 26. Rd3 Bb6
27. Rf3+ Ke7 28. Rxf2 Bxf2 29. Nf3 Kd6 30. g3 (30. Ng5 b5 $1 (30... Ke7 31.
Nxh7 Be3 32. g3 b5 33. Kg2 a5 34. Kf3 Bc1 35. Ke2 b4 36. Kd3 a4 37. Kc2 $16) (
30... Bd4 31. Nxh7 b5 32. h4 a5 33. h5 gxh5 34. gxh5 b4 35. Ng5 a4 36. h6 b3
37. axb3 axb3 38. h7 b2 39. h8=Q b1=Q+ 40. Kh2 Qg1+ 41. Kh3 Qh1+ 42. Kg4 Qxg2+
43. Kf5 $18) 31. Nf7+ (31. Nxh7 a5 $17) 31... Kc5 32. Nxe5 Kd4 $1 33. Nc6+ Kxe4
34. d6 Kd5 35. d7 Bb6 36. d8=Q+ Bxd8 37. Nxd8 a5 38. Nb7 (38. Nf7 b4 39. Ng5 a4
40. Nf3 Kc4 41. Kg1 Kc3 $19) 38... a4 39. Kg1 Kc6 40. Nd8+ Kd5 41. Nb7 $11)
30... Bxg3 31. Kg2 Bf4 32. Kf2 $6 (32. Ne1 $142 Z0 33. Nd3) 32... Kc5 33. Ke2
b5 34. Kd3 1/2-1/2

[Event "GCT Rapid Paris 2018"]
[Site "Paris FRA"]
[Date "2018.06.22"]
[Round "7.1"]
[White "Vachier Lagrave, M."]
[Black "Mamedyarov, S."]
[Result "1-0"]
[WhiteElo "2789"]
[BlackElo "2808"]
[PlyCount "65"]
[EventDate "2018.06.20"]
[EventType "tourn (rapid)"]
[EventRounds "9"]
[EventCountry "FRA"]
[EventCategory "22"]
[SourceTitle "The Week in Chess 1233"]
[Source "Mark Crowther"]
[SourceDate "2018.06.25"]
[SourceVersion "2"]
[SourceVersionDate "2018.06.26"]
[SourceQuality "2"]

1. e4 e5 2. Nf3 Nc6 3. Bb5 a6 4. Ba4 b5 5. Bb3 g6 6. a4 b4 7. h4 d6 8. Ng5 Nh6
9. Bd5 Bd7 10. d4 Nxd4 11. c3 bxc3 12. bxc3 c6 13. Bxf7+ Nxf7 14. cxd4 Bg7 15.
Nxf7 Kxf7 16. dxe5 Bxe5 17. Ra3 Rb8 18. Nd2 Be6 19. Nf3 Re8 20. Nxe5+ dxe5 21.
Rd3 Qe7 22. Ba3 c5 23. h5 g5 24. O-O Red8 25. Rf3+ Kg8 26. Qc1 Rbc8 27. Bb2 Rd4
28. Bxd4 exd4 29. Rg3 g4 30. f4 Qh4 31. f5 Bf7 32. Qf4 Bxh5 33. Rh3 1-0